000 01651cam a22004574i 4500
003 PE-LiUPU
005 20250731173444.0
008 150616s r 000 0 d
035 _a(Sirsi) a5820
040 _aPE-LiUPU
_bspa
_cPE-LiUPU
_erda
049 _aPRUA
082 0 4 _a235.2
_bE27
_221
100 1 _aEfren de la mano de Dios,
_eautor.
245 1 0 _aSanta Teresa de Jesús: Obras Completas.
264 1 _aMadrid :
_bLa Editorial La Catolica,
_c1986.
300 _a1478 páginas ;
_c19 cm.
336 _atext
_2rdacontent
337 _aunmediated
_2rdamedia
338 _avolume
_2rdacarrier
505 0 _aLibro de la vida.- Camino de Perfección.- Meditaciones sobre los cantares.- Moradas del castillo interior.- Cuentas de Conciencia.- Exclamaciones.- Poesías.- Libro de las fundaciones.- Visitas de descalzas.- Avisos.- Epistolario.
526 _aSEG42
526 _aSEG41
526 _aSEG40
526 _aSEG39
526 _aP94
526 _aP87
526 _aP86
526 _aP85
526 _aP77
526 _aP76
526 _aP35
650 0 4 _aTERESA DE JESUS, SANTA - ANTOLOGIA.
700 1 _aOtger Steggink.
910 _ajck
_bjvq
_cjck
942 _2ddc
_cBOOK
949 _a235.2 E27
_wDEWEY
_c1
_i39229
_lCCODEBUL1
_mBUL
_p00.00
_r0
_sY
_tBOOK
_u19951009
_xTEOLOGIA
_zUNKNOWN
_0COMPRA
_o.STAFF. Colección General
994 _aC0
_bPEPRU
596 _a1
999 _a235.2 E27
_wDEWEY
_c56889
_i39229
_d56889
_f2021-11-10
_g5
_lCCODEBUL1
_mBUL
_q1
_r0
_sY
_tBOOK
_u2015-6-16
_xTEOLOGIA
_zUNKNOWN
_0COMPRA
_o.STAFF. Colección General
980 _81
_gALBERTO SANCHEZ Responsable de Automatización